| 000 | 01046nam a22002777a 4500 | ||
|---|---|---|---|
| 003 | AR-BeUNQ | ||
| 005 | 20250217161808.0 | ||
| 008 | 250217b20242025spaaaaadr6 || 000 f spadd | ||
| 020 | _a9789878921617 | ||
| 040 |
_aAR-BeUNQ _cAR-BeUNQ _eaacr |
||
| 082 |
_21ed. _aA863 |
||
| 100 | 0 | 1 |
_aColombo, Cristina _caut. _d1960 |
| 245 | 0 | 1 |
_aLos fantasmas de Luxor _cCristina Colombo _hlibro |
| 250 | _a1a.ed | ||
| 260 |
_aCiudad Autònoma de Buenos Aires : _bLa Brujita de papel, _c2023 |
||
| 300 |
_a128 p. ; _bil. ; _c21 cm |
||
| 490 | _aLos Libros del Raton | ||
| 500 | _aLa llamada. Salve Luxor. Del amor y sus secretos. Por los oscuros vericuetos del Luxor. Enemigos declarados. El Viejo Stròmboli. Bajo la lupa. | ||
| 505 |
_gIlustraciones _rMarìa Lavezzi |
||
| 600 |
_aLavezzi, Maria _cilust. _d1974 |
||
| 650 |
_aNovela _2tell |
||
| 651 |
_aArgentina _2unescot |
||
| 700 |
_aLavezzi, Maria _d1974 _eilust. |
||
| 929 |
_aDONACION _bMisniterio de Educaciòn de la Provincia de Buenos Aires _c0 _d0 _e05/11/2024 _fPAT0082642 _j62881 |
||
| 942 | _cLIB | ||
| 999 |
_c1170 _d1170 |
||